000 00832cam a2200205 4500
001 WB3721-02
008 000000n2001 000 0 eng u
035 _a(Sirsi) u112869
245 _aIndustry to change to Cogent way
260 _c2001
490 _aContract Journal
_v408 (6328) 23 May 2001, 2(1)
520 _aA new initiative to improve performance is being used by the construction industry. The project called Construction Cogent is based on techniques learned by the automotive industry. By implementing Cogent processes, development and time costs are expected to drop significantly.
590 _aWB
650 _aCONSTRUCTION INDUSTRY
650 _aBUILDING RESEARCH ESTABLISHMENT
650 _aCONSTRUCTION PROCESS
650 _aCOST SAVINGS
690 _aBUILDING AND CONSTRUCTION-MANAGEMENT
942 _n0
999 _c67187
_d67187